00625nam a2200169Ia 4500008004000000020001800040082001800058100006000076245007100136260005100207300001200258650001000270690002100280906001100301999001700312952012600329210210b1974 xxu||||| |||| 00| 0 eng d a0 226 42981 4 a330.9052 KELL aKELLEY (Allen C) and Williamson (Williamson Jeffrey G). aLessons from Japanese development: an analytical economic history. aChicagobThe University of Chicago Pressc1974 axvi,285 aJapan aEconomic History a031624 c82681d82681 001040708EconomicsaALbALcEconomicsd2021-02-17g0.00l0o330.9052 KELLp031624r2021-02-17 00:00:00w2021-02-17yBK